Contemporary Muslim Qurʾānic Hermeneutics : Translations and Perspectives /

This book brings together leading Muslim thinkers-from Egypt to Tunisia, Morocco, Iran, Turkey, to Indonesia-offering bold, diverse perspectives on how to interpret the Qurʾān in a changing world. From gender justice and interfaith relations to critiques of tradition and modernity, these essays tack...

وصف كامل

محفوظ في:

مؤلفون آخرون: Saeed, Abdullah (المحرر)

التنسيق: كتاب الكتروني

اللغة: English

منشور في: Leiden ; Boston : Brill, 2026.

سلاسل: Middle East and Islamic Studies E-Books Online, Collection 2026.
Texts and Studies on the Qurʾān ; 26.

الموضوعات:

الوصول للمادة أونلاين: Login to view Source

الوسوم: إضافة وسم

لا توجد وسوم, كن أول من يضع وسما على هذه التسجيلة!

رقم الطلب: BP163

LEADER 03681nam a22004818i 4500
001 BRILL9789004750692
003 nllekb
005 20260324115024.0
006 m d
007 cr un uuuua
008 251031s2026 gw sb 001 0 eng d
020 |a 9789004750692  |q (electronic book) 
020 |z 9789004750685  |q (print) 
024 7 |a 10.1163/9789004750692  |2 DOI 
040 |a NL-LeKB  |c NL-LeKB  |e rda 
041 |a eng 
050 4 |a BP163 
072 7 |a HRHS  |2 bicssc 
072 7 |a REL  |x 0041000  |2 bisacsh 
082 0 4 |a 327  |2 23 
245 0 0 |a Contemporary Muslim Qurʾānic Hermeneutics :  |b Translations and Perspectives /  |c edited by Abdullah Saeed. 
246 3 |a Translations and Perspectives 
264 1 |a Leiden ;  |a Boston :  |b Brill,  |c 2026. 
264 4 |c ©2026 
300 |a 1 online resource (420 pages) :  |b illustrations. 
336 |a text  |b txt  |2 rdacontent 
337 |a computer  |b c  |2 rdamedia 
338 |a online resource  |2 rdacarrier 
490 1 |a Middle East and Islamic Studies E-Books Online, Collection 2026 
490 1 |a Texts and Studies on the Qurʾān ;  |v 26 
504 |a Includes bibliographical references and index. 
505 0 |t Chapter 1: Contemporary Approaches to the Qurʾān: Context and Interpretation -- by Abdullah Saeed -- Chapter 2: Do We Have a Theory of Exegesis? -- by Ḥasan Ḥanafī -- Chapter 3: The Qurʾān-The World as a Sign -- by Naṣr Ḥāmid Abū Zayd -- Chapter 4: Prophetic Reading of the World -- by Muḥammad Mujtahed Shabestarī -- Chapter 5: How Contextual are the Qurʾān and I? -- by Mehmet Paçacı -- Chapter 6: Contextuality of Qurʾānic Discourse and Objective Meaning of Historical Discourse -- by Ömer Özsoy -- Chapter 7: A Perspective on Hermeneutics -- by M. Quraish Shihab -- Chapter 8: Modernist Reading of the Qurʾān and Connected Creativity -- by Ṭāhā ʿAbd al-Raḥmān -- Chapter 9: Indonesian Muslim Responses to Use of Hermeneutics in Studying the Qurʾān and Tafsīr : A Critical Assessment -- by Yusuf Rahman -- Chapter 10: Family Affairs and Exegetical Disagreements-Inheritance -- by Nāʾila al-Sillīnī al-Raḍwī -- Chapter 11: Reconsideration of Meaning of Qiṣāṣ -- by Sedigheh Vasmaghi -- Chapter 12: Interfaith Marriage-A Model for Women's Tafsīr -- by Siti Musdah Mulia -- Chapter 13: Understanding the Qurʾān's Criticisms of Other Religions -- by Mun'im Sirry. 
520 |a This book brings together leading Muslim thinkers-from Egypt to Tunisia, Morocco, Iran, Turkey, to Indonesia-offering bold, diverse perspectives on how to interpret the Qurʾān in a changing world. From gender justice and interfaith relations to critiques of tradition and modernity, these essays tackle urgent questions facing Muslim communities. Many appear here in English for the first time. Whether defending classical methods or proposing reformist approaches, each author engages deeply with the Qurʾān's meaning and relevance. A unique resource for students, scholars, and all who seek to understand contemporary Qurʾānic hermeneutics from within the Muslim tradition. 
546 |a English 
588 |a Description based on print version record. 
650 0 |a Islamic Law. 
650 0 |a Middle East and Islamic Studies. 
700 1 |a Saeed, Abdullah,  |e editor. 
776 0 8 |i Print version:  |t Contemporary Muslim Qurʾānic Hermeneutics : Translations and Perspectives.  |d Leiden ; Boston : Brill, 2026.  |z 9789004750685  |w (OCoLC)1531259101 
830 0 |a Middle East and Islamic Studies E-Books Online, Collection 2026. 
830 0 |a Texts and Studies on the Qurʾān ;  |v 26. 
856 4 |z DOI:   |u http://dx.doi.org/10.1163/9789004750692 
999 |c 61955  |d 61955